Le città italiane più popolose per ogni lettera - Statistics

Statistiche generali
  • Questo quiz è stato fatto 145 volte
  • Il punteggio medio è 17 su 22
Statistiche sulle risposte
LETTERA REGIONE CITTA' % Corretto
B Emilia-Romagna Bologna
99%
A Marche Ancona
98%
C Sicilia Catania
98%
F Toscana Firenze
94%
G Liguria Genova
94%
M Lombardia Milano
94%
N Campania Napoli
93%
P Sicilia Palermo
93%
R Lazio Roma
93%
T Piemonte Torino
92%
U Friuli Venezia-Giulia Udine
92%
S Campania Salerno
91%
E Toscana Empoli
86%
I Emilia-Romagna Imola
86%
V Veneto Verona
86%
L Toscana Livorno
85%
O Sardegna Olbia
72%
J Marche Jesi
59%
Q Sardegna Quartu
50%
D Lombardia Desenzano
16%
H Valle d'Aosta Hone
13%
Z Emilia-Romagna Zola Pedros
2%
Nessun quiz corrispondente trovato
Distribuzione punteggi
Percentuale di utenti per punteggio
Percentile per numero di risposta
I tuoi punteggi nel tempo
Non hai fatto questo quiz